000 00526nam a2200193 i 4500
001 47887
003 ES-MaACL
005 20230906161645.0
007 t|
008 030625s2001 sp ||||0| spa j
020 _a84-204-4301-8
040 _aM-BN
_bspa
_cM-BN
080 _a821.134.2-31"19"
100 1 _aGuelbenzu, José María.
_960412
245 1 0 _aNo acosen al asesino /
_cJosé María Guelbenzu.
260 _aMadrid :
_bAlfaguara,
_c[2001]
300 _a412 p ;
_c22 cm.
852 _aES-MaACL
_jL-26458
_bR.130752
999 _c47887
_d47887